00547nam a2200169 a 4500008004100000020001500041050001800056100002600074245006700100260003300167300002000200350000900220500003900229650005700268650003000325700002200355120416s1988 ||||||||||||||||| || u a0070510075 aHF 5548.2 Gre aGremillion, Lee Louis10aComputers and information systems in business: an introduction aNew York:bMcGraw-Hillc1988 axxi, 359p.: ill a0.00 aIncludes bibliographies and index. aINFORMATION STORAGE AND RETRIEVAL SYSTEMS-- BUSINESS aBUSINESS--DATA PROCESSING aPyburn, Phillip J